00876 2200301 4500001002100000005001500021035002000036007000300056008004100059020002200100040002200122082001700144084001900161090002300180090002200203245008900225300002800314650002000342850001200362041000800374264003800382336002100420337003000441338002300471100003000494250002800524990002200552INLIS00000000084606220190416104830 a0010-0419000921ta190402s2018 yoi e 1 ind d a978-602-51962-7-0 aYOPDYOGbinderda04223a899.2213 a899.2213 OTT p aDEP 899.2213 OTT p aCB-D.11 2018-15891 aNovel pagebluk 1965 :b(kisah sunyi dari seberang mimpi) /cpenulis, Otto Sukatno CR ax, 273 halaman ;c19 cm 4aFiksi Indonesia aYOPDYOG0 aind31aYogyakarta :bPustaka Hati,c2018 2rdacontentateks 2rdamediaatanpa perantara 2rdacarrieravolume aOtto Sukatno CR.epenulis aCetakan I: Agustus 2018 aCB-D.11/2018-1589